Özürlüler için ülke raporu (Record no. 6765)

MARC details
000 -BAŞLIK
Sabit Uzunlukta Kontrol Alanı 00738na a2200241 4500
001 - KONTROL NUMARASI
Denetim Alanı 13179
003 - KONTROL NUMARASI IDENTIFIER
Denetim Alanı MIRAKIL
005 - SON İŞLEM TARİHİ VE ZAMANI
Denetim Alanı 20181213155118.0
008 - SABİT-BOY VERİ ELEMANLARI - GENEL BİLGİLER
Sabit Uzunlukta Kontrol Alanı 161012b tu 000 0
020 ## - ULUSLARARASI STANDART KİTAP NUMARASI
Uluslararası Standart Kitap Numarası 9751932335
035 ## - SİSTEM KONTROL NUMARASI
Sistem Kontrol Numarası 13179
040 ## - KATALOGLAMA KAYNAK
Orijinal Kataloglama Ajansı Milas
Kataloglama Dili tur
Metne Dönüştürmek Ajansı TR-AnCHP
041 ## - DİL KODU
Metin / Ses Parça Veya Ayrı Başlığın Dil Kodu tur
082 ## - DEWEY ONLU SINIFLANDIRMA NUMARASI
Sınıflandırma Numarası 362.4
Ürün Numarası Ö99 2001
090 ## - SINIFLAMA NUMARASI
Sınıflama Numarası 362.4 Ö99 2001
245 ## - BAŞLIK TABLOSU
Başlık Özürlüler için ülke raporu
Başlığın Kalan 1995-2000
Sorumluluk Tablosu, Vb Özürlüler İdaresi Başkanlığı
260 ## - YAYIN, DAĞITIM, VB
Yayın, Dağıtım, Vb Yeri Ankara
Yayıncı, Dağıtıcı, Vs Adı Özürlüler İdaresi Başkanlığı
Yayın, Dağıtım, Vb Tarihi 2001
300 ## - FİZİKSEL TANIM
Kapsam 492 s.
Diğer Fiziksel Ayrıntıları tbl.
Boyutlar 30 cm.
490 ## - SERİSİ TABLOSU
Seri Beyanı Özürlüler idaresi başkanlığı yayınları
Hacim / Ardışık Tanımı 18
650 ## - KONU KATMA GİRİŞ - TOPİKAL DÖNEM
Topikal Süreli Veya Coğrafi Ad Giriş Elemanı Engelliler
Genel Alt Bölümü Raporlar
Coğrafi Alt Bölümü Türkiye
710 ## - KATMA GİRİŞ - KURUMSAL ADI
Giriş Elemanı Olarak Kurumsal Ad Veya Yargı Alanı Adı Özürlüler İdaresi Başkanlığı
942 ## - EKLENDİ GİRİŞ ELEMANLARI (KOHA)
Sınıflandırma Veya Raf Düzeni Kaynak Dewey Decimal Classification
Koha Öğesi Türü Books
999 ## - SİSTEM KONTROL NUMARALARI (KOHA)
Koha Biblionumber 6765
Koha Biblioitemnumber 6765
Holdings
Kalıcı Konum Mevcut Konum Edinme Tarihi Edinim Kaynak Toplam Check-Out'Lar Tam Çağrı Numarası Barkod Tarih Son Görülme İtibaren Geçerli Fiyatlar Koha Öğesi Türü
CHP Kütüphanesi CHP Kütüphanesi 08/09/2016 Bağış   362.4 Ö99 2001 000848 08/09/2016 08/09/2016 Books